Mobility and exchange across borders : exploring social processes in Europe during the first millennium BCE, theoretical and methodological approaches /
In recent decades, the study of cultural interactions in the Iron Age has been considerably renewed thanks to the application of new methods and tools, opening the way to new research perspectives. Papers provide different examples from various contexts and regions while applying new methodologies t...
مؤلف مشترك:
مؤلفون آخرون:
التنسيق: وقائع المؤتمر كتاب الكتروني
اللغة:
English
French
منشور في:
Oxford :
Archaeopress Archaeology,
2021.
سلاسل:
Proceedings of the XVIII UISPP World Congress (4-9 June 2018, Paris, France) ;
Volume 9, sessions XXXIV-4 and XXXIV-5.
الموضوعات:
الوصول للمادة أونلاين: Login to view Source
الوسوم: إضافة وسم
رقم الطلب: GN780
| LEADER | 02520nam a2200481 i 4500 | ||
|---|---|---|---|
| 001 | EDZ0002406019 | ||
| 003 | StDuBDS | ||
| 005 | 20230412182920.0 | ||
| 006 | m|||||o||d|||||||| | ||
| 007 | cr ||||||||||| | ||
| 008 | 210118s2021 enkab fob 100|0|eng|d | ||
| 020 | |a 9781789697308 (PDF ebook) : |c No price | ||
| 040 | |a StDuBDS |b eng |c StDuBDS |e rda |e pn | ||
| 041 | 1 | |a eng |a fre | |
| 050 | 4 | |a GN780 | |
| 082 | 0 | 4 | |a 930.16 |2 23 |
| 111 | 2 | |a International Congress of Prehistoric and Protohistoric Sciences |n (18th : |d 2018 : |c Paris, France), |j creator. | |
| 245 | 1 | 0 | |a Mobility and exchange across borders : |b exploring social processes in Europe during the first millennium BCE, theoretical and methodological approaches / |c edited by Veronica Cicolani. |
| 264 | 1 | |a Oxford : |b Archaeopress Archaeology, |c 2021. | |
| 300 | |a 1 online resource (ii, 133 pages) : |b illustrations (black and white, and colour), maps (colour). | ||
| 336 | |a text |2 rdacontent | ||
| 336 | |a still image |2 rdacontent | ||
| 336 | |a cartographic image |2 rdacontent | ||
| 337 | |a computer |2 rdamedia | ||
| 338 | |a online resource |2 rdacarrier | ||
| 490 | 1 | |a Proceedings of the XVIII UISPP World Congress (4-9 June 2018, Paris, France) ; |v Volume 9, sessions XXXIV-4 and XXXIV-5 | |
| 500 | |a Conference proceedings. | ||
| 500 | |a Also issued in print: 2021. | ||
| 504 | |a Includes bibliographical references. | ||
| 506 | 0 | |a Open access. | |
| 520 | 8 | |a In recent decades, the study of cultural interactions in the Iron Age has been considerably renewed thanks to the application of new methods and tools, opening the way to new research perspectives. Papers provide different examples from various contexts and regions while applying new methodologies to highlight the diversity of cultural transfers. | |
| 521 | |a Specialized. | ||
| 546 | |a Text in English and French. | ||
| 588 | |a Description based on online resource; title from PDF title page (viewed on January 28, 2021). | ||
| 650 | 0 | |a Iron age |v Congresses. | |
| 650 | 0 | |a Excavations (Archaeology) |v Congresses. | |
| 700 | 1 | |a Cicolani, Veronica, |e editor. | |
| 776 | 0 | 8 | |i Print version : |z 9781789697292 |
| 830 | 0 | |a Proceedings of the XVIII UISPP World Congress (4-9 June 2018, Paris, France) ; |v Volume 9, sessions XXXIV-4 and XXXIV-5. | |
| 856 | 4 | 0 | |3 Archaeopress |u http://library.arce.org:8087/Archaeopress/Products/9781789697292 |
| 942 | |2 lcc |c EBOOK | ||
| 952 | |0 0 |1 0 |4 0 |6 GN0780 |7 1 |9 46746 |a ARCH |b ARCH |d 2023-04-12 |l 0 |o GN780 |r 2023-04-12 00:00:00 |w 2023-04-12 |y EBOOK | ||
| 999 | |c 52404 |d 52404 | ||
